000 00421nam a2200205Ia 4500
001 001129
003 YMCAF
005 20230512160049.0
008 100717s1971 ||||||||||||||||| ||und|d
024 _a1129
035 _a1111
040 _aYMCAF
_beng
_cIN-KoLT
041 _aeng
082 _aREF-TVE
100 _aTVERGAARD B.
245 0 _aREFREGERATION MECH.
260 _c1971
300 _a61
942 _2ddc
_cBK
999 _c910
_d910